| 000 | 00405pab a2200157 454500 | ||
|---|---|---|---|
| 008 | 180718b2009 xxu||||| |||| 00| 0 eng d | ||
| 100 | _aSingh, Surander | ||
| 245 | _aMan in the contemporary world order: an analysis | ||
| 260 | _c2009 | ||
| 300 | _ap.1213-226. | ||
| 362 | _aOct-Dec | ||
| 650 | _aNonaligned movement | ||
| 773 | _aIndian Journal of Political Science | ||
| 908 | _aN | ||
| 909 | _a86632 | ||
| 999 |
_c86632 _d86632 |
||